| 000 | 00000nam 2200000zi 4500 |
| 001 | 9.936381 |
| 003 | CaOODSP |
| 005 | 20240405135134 |
| 006 | m o d f |
| 007 | cr cn||||||||| |
| 008 | 240405s2023 onc ob f000 0 eng d |
| 020 | |z9780660487311 |
| 040 | |aCaOODSP|beng|erda|cCaOODSP |
| 043 | |an-cn--- |
| 086 | 1 |aPS83-5/R457E-1-PDF|zPS83-3/457E-PDF |
| 245 | 00|aProfile and institutional experience of offenders with use of force. |
| 264 | 1|a[Ottawa] : |bCorrectional Service Canada = Service correctionnel Canada, |c2023. |
| 300 | |a1 online resource (1 unnumbered page). |
| 336 | |atext|btxt|2rdacontent |
| 337 | |acomputer|bc|2rdamedia |
| 338 | |aonline resource|bcr|2rdacarrier |
| 490 | 1 |aResearch at a glance ; |vR-457_0 |
| 500 | |aCaption title. |
| 500 | |aIncorrect catalogue number (PS83-3/457E-PDF) and ISBN (9780660487311) printed in this publication. |
| 500 | |aIssued also in French under title: Profil et expérience en établissement des délinquants impliqués dans des incidents avec recours à la force. |
| 504 | |aIncludes bibliographical references. |
| 520 | |a"Offenders with a use of force incident have unique and complex needs and demonstrate more problematic institutional behaviour prior to the use of force"--Page [1]. |
| 650 | 0|aPrison discipline|zCanada. |
| 650 | 0|aRestraint of prisoners|zCanada. |
| 650 | 0|aPrisoners|xViolence against|zCanada. |
| 650 | 0|aRace discrimination|zCanada. |
| 710 | 2 |aCorrectional Service Canada, |eissuing body. |
| 775 | 08|tProfil et expérience en établissement des délinquants impliqués dans des incidents avec recours à la force.|w(CaOODSP)9.936412 |
| 830 | #0|aResearch at a glance (Correctional Service Canada)|vR-457_0.|w(CaOODSP)9.506649 |
| 856 | 40|qPDF|s190 KB|uhttps://publications.gc.ca/collections/collection_2024/scc-csc/PS83-5-R457-1-eng.pdf |
| 856 | 4 |qHTML|sN/A|uhttps://www.canada.ca/en/correctional-service/corporate/library/research/glance/457.html |